<?xml version="1.0" encoding="UTF-8"?>
<record
    xmlns:xsi="http://www.w3.org/2001/XMLSchema-instance"
    xsi:schemaLocation="http://www.loc.gov/MARC21/slim http://www.loc.gov/standards/marcxml/schema/MARC21slim.xsd"
    xmlns="http://www.loc.gov/MARC21/slim">

  <leader>04704nam a2200505Ia 4500</leader>
  <controlfield tag="001">dia_5195</controlfield>
  <controlfield tag="003">CHAP</controlfield>
  <controlfield tag="005">20241114120741.0</controlfield>
  <controlfield tag="007">ta</controlfield>
  <controlfield tag="008">220117s2009    mx adeofrm    001 0 spa d</controlfield>
  <datafield tag="010" ind1=" " ind2=" ">
    <subfield code="a">176081</subfield>
  </datafield>
  <datafield tag="040" ind1=" " ind2=" ">
    <subfield code="c">CHAP</subfield>
    <subfield code="a">mxchpua</subfield>
    <subfield code="e">rda</subfield>
  </datafield>
  <datafield tag="041" ind1="0" ind2=" ">
    <subfield code="a">spa</subfield>
    <subfield code="b">eng</subfield>
  </datafield>
  <datafield tag="090" ind1=" " ind2=" ">
    <subfield code="a">Tesis </subfield>
    <subfield code="b">P476 </subfield>
    <subfield code="c">2009</subfield>
  </datafield>
  <datafield tag="100" ind1="1" ind2=" ">
    <subfield code="a">P&#xE9;rez P&#xE9;rez, Vicente</subfield>
  </datafield>
  <datafield tag="240" ind1="1" ind2="0">
    <subfield code="a">Optimization of the use of cold in the unit of Dairy Technology of the Autonomous University of Chapingo.</subfield>
    <subfield code="l">Espa&#xF1;ol</subfield>
  </datafield>
  <datafield tag="245" ind1="1" ind2="0">
    <subfield code="a">Optimizaci&#xF3;n del uso de fr&#xED;o en la Unidad de Tecnolog&#xED;a Lechera de la Universidad Aut&#xF3;noma Chapingo /</subfield>
    <subfield code="c">Vicente P&#xE9;rez P&#xE9;rez</subfield>
  </datafield>
  <datafield tag="264" ind1=" " ind2=" ">
    <subfield code="a">Chapingo, M&#xE9;xico :</subfield>
    <subfield code="b">El autor,</subfield>
    <subfield code="c">2009</subfield>
  </datafield>
  <datafield tag="300" ind1=" " ind2=" ">
    <subfield code="a">xiv, 120 hojas :</subfield>
    <subfield code="b">ilustraciones, gr&#xE1;ficas, tablas, fotos, planos +</subfield>
    <subfield code="e">1 CD-ROM</subfield>
  </datafield>
  <datafield tag="336" ind1=" " ind2=" ">
    <subfield code="2">rdacontent</subfield>
    <subfield code="a">texto</subfield>
    <subfield code="b">txt</subfield>
  </datafield>
  <datafield tag="337" ind1=" " ind2=" ">
    <subfield code="2">rdamedia</subfield>
    <subfield code="a">no mediado</subfield>
    <subfield code="b">n</subfield>
  </datafield>
  <datafield tag="338" ind1=" " ind2=" ">
    <subfield code="2">rdacarrier</subfield>
    <subfield code="a">volumen</subfield>
    <subfield code="b">nc</subfield>
  </datafield>
  <datafield tag="500" ind1=" " ind2=" ">
    <subfield code="a">El CD contiene art&#xED;culo y reporte</subfield>
  </datafield>
  <datafield tag="502" ind1=" " ind2=" ">
    <subfield code="a">Tesis </subfield>
    <subfield code="b">(Ingeniero Agroindustrial) -- </subfield>
    <subfield code="c">UACh. Departamento de Ingenier&#xED;a Agroindustrial, </subfield>
    <subfield code="d">2009</subfield>
  </datafield>
  <datafield tag="504" ind1=" " ind2=" ">
    <subfield code="a">Bibliogrsf&#xED;a: hojas 102-105</subfield>
  </datafield>
  <datafield tag="505" ind1="0" ind2=" ">
    <subfield code="a">1 plano --
1. Diagrama general de la planta lechera</subfield>
  </datafield>
  <datafield tag="520" ind1="3" ind2=" ">
    <subfield code="a">La producci&#xF3;n de fr&#xED;o es una tecnolog&#xED;a necesaria en la conservaci&#xF3;n de los alimentos perecederos. En la presente investigaci&#xF3;n se evalu&#xF3; la carga t&#xE9;rmica en los cuartos frigor&#xED;ficos, as&#xED; como las potencias termodin&#xE1;micas de los equipos del sistema, por otra parte se midi&#xF3; el consumo de energ&#xED;a el&#xE9;ctrica con un multiamper&#xED;metro y finalmente se compararon los resultados con los calculados termodin&#xE1;micamente, adem&#xE1;s se evaluaron las curvas de enfriamiento de los productos elaborados. La potencia frigor&#xED;fica en operaci&#xF3;n normal fue de 1.30 kW, 1.08 kW y 0.78 kW, para la c&#xE1;maras 1, 2 y 3 respectivamente. El consumo de energ&#xED;a para los motores de los equipos que conforman el sistema fueron de 58.10 kW h, 61.63 kW h y 79.74 kW h considerando tiempos de operaci&#xF3;n en 11 h, 11.59 h y 15 h para los cuartos frigor&#xED;ficos 1, 2 y 3 en orden mencionado. La potencia frigor&#xED;fica del banco de hielo fue de 156.41 W, y el consumo de energ&#xED;a en los motores de los componentes del sistema fue de 287.7 kW h por 6 h. De las curvas de enfriamiento de los productos que se procesan en la planta se determin&#xF3; el tiempo medio de enfriamiento, encontrando valores de tiempo medio (Z) de 925 min, para el yogur en envases de 19 L,  186.49 min para queso oaxaca con un peso medio de 0.98 kg, 128.89 min para queso panela con un peso medio de 1.09 kg y 323.71 min para el queso tipo Chapingo con un peso medio de la pieza de 4.50 kg. --</subfield>
  </datafield>
  <datafield tag="520" ind1="3" ind2=" ">
    <subfield code="a">Refrigeration is a necessary technology in the conservation of perishable foods. In this research the heat load in cold rooms was assessed, the thermodynamics powers of machinery in the system was measure, the consumption of electric with a multi-ammeter for later we make a comparison with those thermodynamically calculated, further the cooling curves were evaluated of the finished products. The coefficients of performance work normal were 1.30 kW, 1.08 and 0.78 kW for the cold rooms 1, 2 and 3 respectively. Energy consumption for engines of machinery that makes up the system were 58.10 kW h, 61.63 and 79.74 kW h considering the work times in 11 h, 11.59 h and 15 h., for the cold rooms 1, 2 and 3 respectively. The coefficient of performance of the chiller was 156.41 W, and energy consumption in the engines of the components of the system was 287.7 kW h for 6 h of work. The cooling curves of products that are processed at the plant measured the average time of cooling, by finding values of average time (Z) of 925 min, for yogurt in packs of 19 L, 186.49 min for Oaxaca cheese with an average weight of 0.98 kg, 128.89 min for panela cheese with an average weight of 1.09 kg and 323.71 min for cheese type Chapingo with an average weight of 4.50 kg by piece.</subfield>
  </datafield>
  <datafield tag="650" ind1="1" ind2="3">
    <subfield code="a">Productos l&#xE1;cteos</subfield>
    <subfield code="x">Preservaci&#xF3;n de alimentos  </subfield>
    <subfield code="2">atg</subfield>
  </datafield>
  <datafield tag="650" ind1="1" ind2="3">
    <subfield code="a">Productos l&#xE1;cteos</subfield>
    <subfield code="x">Refrigeraci&#xF3;n  </subfield>
    <subfield code="2">atg</subfield>
  </datafield>
  <datafield tag="650" ind1="1" ind2="3">
    <subfield code="a">Sistemas de refrigeraci&#xF3;n  </subfield>
    <subfield code="2">atg</subfield>
  </datafield>
  <datafield tag="650" ind1="1" ind2="3">
    <subfield code="a">Cooling systems</subfield>
    <subfield code="2">atg</subfield>
  </datafield>
  <datafield tag="650" ind1="1" ind2="3">
    <subfield code="a">Dairy products</subfield>
    <subfield code="x">Food preservation   </subfield>
    <subfield code="2">atg</subfield>
  </datafield>
  <datafield tag="650" ind1="1" ind2="3">
    <subfield code="a">Dairy products</subfield>
    <subfield code="x">Refrigeration  </subfield>
    <subfield code="2">atg</subfield>
  </datafield>
  <datafield tag="700" ind1="1" ind2=" ">
    <subfield code="a">Covarrubias Guti&#xE9;rrez, Ignacio</subfield>
    <subfield code="e">director</subfield>
  </datafield>
  <datafield tag="700" ind1="1" ind2=" ">
    <subfield code="a">P&#xE9;rez L&#xF3;pez, Artemio</subfield>
    <subfield code="e">asesor</subfield>
  </datafield>
  <datafield tag="700" ind1="1" ind2=" ">
    <subfield code="a">Valle Guadarrama, Salvador</subfield>
    <subfield code="e">asesor</subfield>
  </datafield>
  <datafield tag="856" ind1="4" ind2="1">
    <subfield code="u">http://10.13.5.2/tesis/108107.pdf</subfield>
    <subfield code="y">DESCARGAR PDF</subfield>
  </datafield>
  <datafield tag="901" ind1=" " ind2=" ">
    <subfield code="a">TESIS P476 2009</subfield>
  </datafield>
  <datafield tag="902" ind1=" " ind2=" ">
    <subfield code="a">M</subfield>
  </datafield>
  <datafield tag="905" ind1=" " ind2=" ">
    <subfield code="a">5232272009                          mx mnl 8223223322spa16</subfield>
  </datafield>
  <datafield tag="942" ind1=" " ind2=" ">
    <subfield code="c">TESIS</subfield>
    <subfield code="2">Clasificaci&#xF3;n Universidad Aut&#xF3;noma Chapingo</subfield>
  </datafield>
  <datafield tag="999" ind1=" " ind2=" ">
    <subfield code="c">176081</subfield>
    <subfield code="d">176081</subfield>
  </datafield>
  <datafield tag="952" ind1=" " ind2=" ">
    <subfield code="0">0</subfield>
    <subfield code="1">0</subfield>
    <subfield code="2">local</subfield>
    <subfield code="4">0</subfield>
    <subfield code="5">1</subfield>
    <subfield code="7">0</subfield>
    <subfield code="8">TESIS</subfield>
    <subfield code="a">IA_</subfield>
    <subfield code="b">IA_</subfield>
    <subfield code="d">2022-01-18</subfield>
    <subfield code="e">El autor</subfield>
    <subfield code="l">0</subfield>
    <subfield code="o">Tesis P476 2009</subfield>
    <subfield code="p">1101009729</subfield>
    <subfield code="r">2022-01-18 00:00:00</subfield>
    <subfield code="t">Ej. 3</subfield>
    <subfield code="w">2022-01-18</subfield>
    <subfield code="y">CD</subfield>
  </datafield>
  <datafield tag="952" ind1=" " ind2=" ">
    <subfield code="0">0</subfield>
    <subfield code="1">0</subfield>
    <subfield code="2">local</subfield>
    <subfield code="4">0</subfield>
    <subfield code="5">1</subfield>
    <subfield code="7">0</subfield>
    <subfield code="8">TESIS</subfield>
    <subfield code="a">IA_</subfield>
    <subfield code="b">IA_</subfield>
    <subfield code="d">2022-01-18</subfield>
    <subfield code="e">El autor</subfield>
    <subfield code="l">0</subfield>
    <subfield code="o">Tesis P476 2009</subfield>
    <subfield code="p">1101007390</subfield>
    <subfield code="r">2026-02-02 00:00:00</subfield>
    <subfield code="t">Ej. 1</subfield>
    <subfield code="y">TESIS</subfield>
  </datafield>
  <datafield tag="952" ind1=" " ind2=" ">
    <subfield code="0">0</subfield>
    <subfield code="1">0</subfield>
    <subfield code="2">local</subfield>
    <subfield code="4">0</subfield>
    <subfield code="5">5</subfield>
    <subfield code="7">0</subfield>
    <subfield code="8">TESIS</subfield>
    <subfield code="a">IA_</subfield>
    <subfield code="b">IA_</subfield>
    <subfield code="d">2024-11-19</subfield>
    <subfield code="e">El autor</subfield>
    <subfield code="l">1</subfield>
    <subfield code="o">Tesis P476 2009</subfield>
    <subfield code="p">1101007391</subfield>
    <subfield code="r">2026-02-02 00:00:00</subfield>
    <subfield code="s">2024-11-19</subfield>
    <subfield code="t">Ej. 2</subfield>
    <subfield code="y">TESIS</subfield>
  </datafield>
  <datafield tag="952" ind1=" " ind2=" ">
    <subfield code="0">0</subfield>
    <subfield code="1">0</subfield>
    <subfield code="2">local</subfield>
    <subfield code="4">0</subfield>
    <subfield code="7">0</subfield>
    <subfield code="8">TesDigL</subfield>
    <subfield code="a">IA_</subfield>
    <subfield code="b">IA_</subfield>
    <subfield code="c">E_L</subfield>
    <subfield code="d">2024-11-14</subfield>
    <subfield code="e">El autor</subfield>
    <subfield code="l">0</subfield>
    <subfield code="p">1201007390</subfield>
    <subfield code="r">2024-11-14 12:01:35</subfield>
    <subfield code="w">2024-11-14</subfield>
    <subfield code="y">TD</subfield>
  </datafield>
</record>
